Tissue printing : tools for the study of anatomy, histochemistry, and gene expression /

Bibliographic Details
Other Authors: Reid, Philip Dean, 1937-2012, Pont-Lezica, Rafael F.
Format: Book
Language:English
Published: San Diego : Academic Press, [1992]
Subjects:

MARC

Tag First Indicator Second Indicator Subfields
LEADER 00000cam a2200000 a 4500
001 in00004478621
005 20191202143608.0
008 920225s1992 caua b 001 0 eng
010 |a  92007412  
020 |a 0125859708 
035 |a (OCoLC)25509322 
035 |9 AAF5414MS 
035 |z (UtOrBLW)17052 
035 |a 28786 
040 |a DLC  |c DLC  |d AGL  |d TMV  |d UtOrBLW 
049 |a TMVM  |c 1 
050 0 0 |a QH613  |b .T57 1992 
070 0 |a QH613.T57  |b 1992 
072 0 |a X300  |a X500 
082 0 0 |a 574.8/212/028  |2 20 
096 |a QS 525  |b T6165 1992 
245 0 0 |a Tissue printing :  |b tools for the study of anatomy, histochemistry, and gene expression /  |c edited by Philip D. Reid , Rafael F. Pont-Lezica ; associate editors, Elena del Campillo, Rosannah Taylor. 
264 1 |a San Diego :  |b Academic Press,  |c [1992] 
264 4 |c ©1992 
300 |a xvi, 188 pages :  |b illustrations ;  |c 23 cm. 
336 |a text  |2 rdacontent  |b txt 
337 |a unmediated  |2 rdamedia 
338 |a volume  |2 rdacarrier  |b nc 
504 |a Includes bibliographical references (pages 169-180) and index. 
505 0 |a Introduction / Joseph E. Varner -- Physical tissue prints / Philip D. Reid -- Localization of cell wall proteins / Gladys I. Cassab -- Induction, accumulation, localization, and transport studies by tissue printing / Elena del Campillo -- Visualization of enzyme activity / Joseph E. Varner -- Lectin and glycan recognition / Rafael F. Pont-Lezica -- Gene expression in plants / Zheng-Hua Ye, Yan-Ru Song and Joseph E. Varner -- Detection and localization of plant pathogens / Curtis A. Holt -- Tissue prints of animal tissues / Philip D. Reid -- Miscellaneous applications of tissue printing / Rafael F. Pont-Lezica. 
650 2 |a Histocytochemistry  |x methods. 
700 1 |a Reid, Philip Dean,  |d 1937-2012. 
700 1 |a Pont-Lezica, Rafael F. 
999 |a MARS 
999 f f |s 950aa7e4-d267-36cd-a128-b67d89cc70ee  |i 2bd8b911-41d3-362b-b054-6d80b423ee3c  |t 0 
952 f f |p ric  |a Texas A&M University  |b Rellis Campus  |c Joint Library Facility  |d Remote Storage  |t 0  |e QS 525 T6165 1992  |h National Library of Medicine classification  |i unmediated -- volume  |m 323890129859G 
998 f f |a QS 525 T6165 1992  |t 0  |l Remote Storage